Top 15 języków używanych w europie - Statystyki

Ogólne statystyki
  • Ten quiz został rozwiązany 76 razy
  • Średni wynik to 12 z 15
Statystyki odpowiedzi
Liczba Rodzaj Kraj % Poprawnych
260mln Narodowy Angielski
100%
160mln Narodowy Rosyjski
100%
176mln Narodowy Hiszpański
99%
38,5mln Narodowy Polski
99%
210mln Narodowy Francuski
97%
170mln Narodowy Niemiecki
96%
32,6mln Narodowy Ukraiński
94%
82mln Narodowy Włoski
90%
13,5mln Narodowy Grecki
84%
19mln Narodowy Serbsko-Chorwacki
84%
28mln Narodowy Rumuński
80%
15,75mln Narodowy Turecki
72%
13mln Narodowy Węgierski
67%
22mln Narodowy Niderlandzki
54%
14mln Regionalny Bawarski
10%
Nie znaleziono quizów pasujących do podanych kryteriów
Rozkład punktacji
Procent ludzi z każdym wynikiem
Percentyl według liczby udzielonych odpowiedzi
Twoja historia wyników
Nie rozwiązałeś tego quizu